00367cam a2200133Ia 4500020001500000040000800015082002600023100002000049245005900069246001200128250001100140260006200151300002000213 a0804821267 cHLS a813 C.E 1999 A095 Or.1 aRichie, Donald,10aMemoirs of the warrior Kumagai :ba historical novel /30aKumagai a1st ed aRutland, Vt. ;aTokyo, Japan :bC.E. Tuttle,c1999, c1998 a247 p. ;c22 cm